[Event "XLV Open Internacional Barbera del Valles 2023"]
[Site "Barberà del Vallès"]
[Date "2023.07.10"]
[Round "7.1"]
[White "Alsina Leal, Daniel"]
[Black "Janzelj, Tim"]
[Result "1-0"]
[BlackElo "2453"]
[WhiteElo "2519"]
[LiveChessVersion "1.4.8"]

1. e4 e6 {[%clk 1:17:29]} 2. d4 {[%clk 1:31:17]} d5 {[%clk 1:18:18]} 3. e5
{[%clk 1:31:37]} c5 {[%clk 1:18:40]} 4. c3 Nc6 {[%clk 1:18:59]} 5. Nf3
{[%clk 1:32:21]} Qb6 {[%clk 1:14:57]} 6. a3 {[%clk 1:32:00]} Bd7 7. b4
{[%clk 1:32:23]} cxd4 {[%clk 1:15:07]} 8. cxd4 {[%clk 1:31:41]} Rc8
{[%clk 1:10:32]} 9. Be3 {[%clk 1:31:39]} Nh6 {[%clk 1:03:44]} 10. Bd3 g6
{[%clk 1:03:11]} 11. Nbd2 {[%clk 1:21:45]} Nf5 {[%clk 0:46:31]} 12. O-O
{[%clk 1:08:01]} Nxe3 {[%clk 0:46:53]} 13. fxe3 {[%clk 1:03:45]} Bh6
{[%clk 0:46:27]} 14. Qe2 {[%clk 0:41:35]} O-O {[%clk 0:31:04]} 15. g4 a5
{[%clk 0:31:32]} 16. b5 {[%clk 0:37:36]} Na7 {[%clk 0:32:00]} 17. g5
{[%clk 0:33:33]} Bg7 {[%clk 0:32:12]} 18. a4 {[%clk 0:31:31]} Rc3
{[%clk 0:25:51]} 19. h4 {[%clk 0:28:12]} Nc8 {[%clk 0:24:47]} 20. Rfc1
{[%clk 0:26:03]} Qc7 {[%clk 0:18:55]} 21. Qe1 Rxc1 {[%clk 0:18:46]} 22. Rxc1
{[%clk 0:24:24]} Qb8 23. Nb3 {[%clk 0:22:56]} b6 {[%clk 0:18:47]} 24. Qc3
{[%clk 0:13:33]} f5 {[%clk 0:13:03]} 25. gxf6 {[%clk 0:13:30]} Rxf6
{[%clk 0:11:54]} 26. Ng5 Rf8 27. Qc7 {[%clk 0:12:58]} Qxc7 {[%clk 0:12:22]} 28.
Rxc7 {[%clk 0:11:10]} Rd8 {[%clk 0:07:28]} 29. Nc1 {[%clk 0:10:59]} h6
{[%clk 0:02:41]} 30. Nf3 {[%clk 0:09:31]} g5 {[%clk 0:03:09]} 31. hxg5
{[%clk 0:09:08]} hxg5 {[%clk 0:01:09]} 32. Ne2 {[%clk 0:09:14]} Bh6
{[%clk 0:00:58]} 33. Nh2 Be8 {[%clk 0:01:28]} 34. Ng4 {[%clk 0:08:55]} Bg7
{[%clk 0:01:57]} 35. Ng3 {[%clk 0:07:24]} Kf8 {[%clk 0:01:00]} 36. Kf2 Bf7
{[%clk 0:01:23]} 37. Kf3 {[%clk 0:02:46]} Be8 {[%clk 0:01:02]} 38. Nf2
{[%clk 0:02:25]} Ne7 {[%clk 0:01:26]} 39. Rb7 {[%clk 0:01:23]} Nc8
{[%clk 0:01:38]} 40. Nh3 {[%clk 0:01:22]} Rd7 {[%clk 0:02:07]} 41. Rxd7
{[%clk 0:00:40]} Bxd7 42. Nxg5 {[%clk 0:01:24]} Bh6 {[%clk 0:01:33]} 43. Kg4
{[%clk 0:00:50]} Ne7 44. Ne2 Ng8 {[%clk 0:01:02]} 45. Nf4 {[%clk 0:01:08]} Ke7
{[%clk 0:00:38]} 46. Bh7 {[%clk 0:00:58]} Kf8 47. Nfxe6+ Bxe6+ {[%clk 0:00:32]}
48. Nxe6+ {[%clk 0:01:23]} Kf7 {[%clk 0:00:40]} 49. Bxg8+ 1-0

[Event "XLV Open Internacional Barbera del Valles 2023"]
[Site "Barberà del Vallès"]
[Date "2023.07.10"]
[Round "7.2"]
[White "Grigoryan, Karen H."]
[Black "Stremavicius, Titas"]
[Result "1-0"]
[BlackElo "2549"]
[WhiteElo "2621"]
[LiveChessVersion "1.4.8"]

1. e4 {[%clk 1:30:48]} c5 {[%clk 1:30:53]} 2. c4 {[%clk 1:31:11]} Nc6
{[%clk 1:30:09]} 3. Ne2 {[%clk 1:31:08]} e5 {[%clk 1:28:47]} 4. Nbc3
{[%clk 1:31:16]} d6 {[%clk 1:26:55]} 5. d3 {[%clk 1:31:32]} g6 {[%clk 1:22:05]}
6. g3 {[%clk 1:31:43]} Bg7 {[%clk 1:21:58]} 7. Bg2 {[%clk 1:31:52]} Nge7
{[%clk 1:22:08]} 8. O-O {[%clk 1:31:51]} O-O {[%clk 1:22:08]} 9. Nd5
{[%clk 1:32:03]} Nxd5 {[%clk 1:18:14]} 10. cxd5 {[%clk 1:31:46]} Nd4
{[%clk 1:17:43]} 11. Nxd4 {[%clk 1:32:00]} cxd4 {[%clk 1:14:04]} 12. Qb3
{[%clk 1:32:03]} Qa5 {[%clk 0:59:58]} 13. a4 {[%clk 1:17:17]} Bd7
{[%clk 0:46:50]} 14. f4 {[%clk 0:56:37]} b5 {[%clk 0:34:07]} 15. axb5
{[%clk 0:49:14]} Qxa1 {[%clk 0:23:53]} 16. Bd2 {[%clk 0:49:22]} Qxf1+
{[%clk 0:24:17]} 17. Bxf1 {[%clk 0:49:39]} Rfb8 {[%clk 0:24:24]} 18. Qa3
{[%clk 0:47:44]} Bf8 {[%clk 0:24:20]} 19. Bb4 {[%clk 0:46:36]} exf4
{[%clk 0:24:37]} 20. Bxd6 {[%clk 0:35:11]} fxg3 {[%clk 0:24:51]} 21. hxg3
{[%clk 0:35:12]} Rb7 {[%clk 0:19:15]} 22. e5 Bxd6 {[%clk 0:07:09]} 23. Qxd6
{[%clk 0:24:16]} Re8 {[%clk 0:07:36]} 24. e6 {[%clk 0:15:40]} fxe6
{[%clk 0:07:00]} 25. Bh3 {[%clk 0:16:03]} Bxb5 {[%clk 0:06:03]} 26. Bxe6+
{[%clk 0:16:14]} Kh8 {[%clk 0:06:31]} 27. Qc5 {[%clk 0:15:12]} a6
{[%clk 0:04:37]} 28. Qxd4+ {[%clk 0:12:33]} Rg7 {[%clk 0:05:05]} 29. Qf6
{[%clk 0:12:24]} h6 {[%clk 0:04:40]} 30. d6 {[%clk 0:12:29]} Kh7 {[%clk 0:04:21]}
31. d4 {[%clk 0:12:51]} Bd7 {[%clk 0:01:54]} 32. d5 {[%clk 0:13:10]} Bb5
{[%clk 0:02:03]} 33. Kf2 {[%clk 0:13:08]} Rb8 {[%clk 0:02:16]} 34. Ke3
{[%clk 0:12:52]} Ra8 {[%clk 0:02:43]} 35. Kd4 {[%clk 0:12:49]} Rb8
{[%clk 0:03:09]} 36. Ke5 {[%clk 0:13:02]} Ra8 {[%clk 0:03:07]} 37. Qf2
{[%clk 0:11:56]} Re8 {[%clk 0:00:50]} 38. Qc2 {[%clk 0:10:45]} Rf8
{[%clk 0:00:34]} 39. Qd1 {[%clk 0:04:19]} Re8 {[%clk 0:00:50]} 40. Qf3
{[%clk 0:04:32]} Rb8 {[%clk 0:01:09]} 41. Qf6 {[%clk 0:04:51]} Ra8
{[%clk 0:01:08]} 42. Qf2 {[%clk 0:03:24]} Re8 {[%clk 0:01:24]} 43. Qc5
{[%clk 0:03:48]} Rb8 {[%clk 0:01:10]} 44. Bc8 {[%clk 0:03:04]} Be8
{[%clk 0:00:49]} 45. b4 {[%clk 0:02:48]} Bd7 46. Bxd7 {[%clk 0:02:49]} Rxd7
{[%clk 0:01:00]} 47. Ke6 {[%clk 0:02:23]} Rbb7 {[%clk 0:00:36]} 48. Qc8
{[%clk 0:02:07]} Rg7 {[%clk 0:00:44]} 49. d7 {[%clk 0:01:52]} 1-0

[Event "XLV Open Internacional Barbera del Valles 2023"]
[Site "Barberà del Vallès"]
[Date "2023.07.10"]
[Round "7.3"]
[White "Asis Gargatagli, Hipolito"]
[Black "Valenzuela Gomez, Fernando"]
[Result "1-0"]
[BlackElo "2403"]
[WhiteElo "2530"]
[LiveChessVersion "1.4.8"]

1. e4 {[%clk 1:30:57]} c5 {[%clk 1:03:14]} 2. Nf3 e6 {[%clk 1:01:36]} 3. b3
{[%clk 1:29:53]} a6 {[%clk 0:58:26]} 4. Bb2 {[%clk 1:18:52]} d5 {[%clk 0:57:27]}
5. exd5 {[%clk 1:18:23]} exd5 {[%clk 0:57:54]} 6. d4 Nf6 {[%clk 0:55:14]} 7. Be2
{[%clk 1:17:06]} Nc6 {[%clk 0:54:54]} 8. O-O Bd6 {[%clk 0:44:31]} 9. Nbd2
{[%clk 1:14:18]} O-O 10. c4 {[%clk 1:12:08]} cxd4 {[%clk 0:38:08]} 11. Nxd4 Nxd4
{[%clk 0:35:58]} 12. Bxd4 {[%clk 1:11:02]} Be7 {[%clk 0:24:44]} 13. Bf3
{[%clk 0:51:49]} Be6 14. c5 a5 {[%clk 0:20:43]} 15. a3 {[%clk 0:32:35]} Ne4
{[%clk 0:17:17]} 16. Nxe4 {[%clk 0:28:46]} dxe4 {[%clk 0:17:45]} 17. Bxe4
{[%clk 0:29:10]} Bxb3 18. Qg4 {[%clk 0:20:01]} g6 {[%clk 0:10:52]} 19. Bxb7
{[%clk 0:18:17]} Rb8 {[%clk 0:10:04]} 20. c6 {[%clk 0:15:47]} Qc7 21. Qg3 Rxb7
{[%clk 0:10:12]} 22. cxb7 {[%clk 0:08:20]} Qxb7 {[%clk 0:10:02]} 23. Qe5
{[%clk 0:08:19]} f6 {[%clk 0:10:28]} 24. Qxa5 {[%clk 0:08:41]} Ra8
{[%clk 0:10:48]} 25. Qc3 {[%clk 0:08:49]} Rc8 {[%clk 0:11:15]} 26. Qh3
{[%clk 0:07:38]} Bd5 {[%clk 0:09:46]} 27. Rac1 Ra8 {[%clk 0:08:32]} 28. Bc5
{[%clk 0:06:56]} Bxc5 {[%clk 0:08:34]} 29. Rxc5 {[%clk 0:07:21]} Bf7
{[%clk 0:08:56]} 30. Rfc1 {[%clk 0:07:10]} Kg7 {[%clk 0:08:24]} 31. Rc7
{[%clk 0:04:35]} Qd5 32. Qg3 {[%clk 0:03:10]} Re8 {[%clk 0:08:22]} 33. h3 Re2 34.
Ra7 {[%clk 0:02:51]} 1-0

[Event "XLV Open Internacional Barbera del Valles 2023"]
[Site "Barberà del Vallès"]
[Date "2023.07.10"]
[Round "7.4"]
[White "Narciso Dublan, Marc"]
[Black "Cuartas, Jaime Alexander"]
[Result "1/2-1/2"]
[BlackElo "2526"]
[WhiteElo "2424"]
[LiveChessVersion "1.4.8"]

1. d4 Nf6 2. Bg5 d5 3. e3 c5 4. Bxf6 gxf6 5. dxc5 e6 6. c4 dxc4 7. Nd2 Bxc5 8.
Bxc4 Nc6 9. Qh5 Bb4 10. Ngf3 Qa5 11. Qh4 Bxd2+ 12. Nxd2 Ke7 13. O-O-O Qg5 14.
Qxg5 fxg5 15. Be2 e5 16. b3 Be6 17. Ne4 Rac8 18. Kb2 Nb4 19. Rd2 Rhd8 20. Rhd1
Rxd2+ 21. Rxd2 h6 22. a3 Nd5 23. Bc4 Rd8 24. Kc1 b6 25. Ng3 Rc8 26. Kb2 Nf6 27.
Bxe6 fxe6 28. h3 Rf8 29. Rc2 Kd7 30. Rd2+ Ke7 31. Rc2 Kd7 32. Rd2+ 1/2-1/2

[Event "XLV Open Internacional Barbera del Valles 2023"]
[Site "Barberà del Vallès"]
[Date "2023.07.10"]
[Round "7.6"]
[White "Solodovnichenko, Yuri"]
[Black "Dotzer, Lukas"]
[Result "1-0"]
[BlackElo "2369"]
[WhiteElo "2520"]
[LiveChessVersion "1.4.8"]

1. e4 c5 2. Nf3 e6 3. g3 Nc6 4. Bg2 Nf6 5. d3 d5 6. Qe2 Be7 7. e5 Nd7 8. c4 d4 9.
O-O O-O 10. h4 f6 11. exf6 Nxf6 12. Bf4 Bd6 13. Bxd6 Qxd6 14. Re1 Re8 15. Ne5
Nxe5 16. Qxe5 Qf8 17. Nd2 Ng4 18. Qe2 e5 19. Bxb7 Bxb7 20. Qxg4 Rab8 21. Qh5 Qf6
22. Ne4 Qc6 23. f3 Re7 24. Qg5 Qc7 25. Re2 Rf7 26. Rf1 Rbf8 27. Ref2 Rf5 28. Qd2
Qb6 29. Qe2 a5 30. b3 Qc7 31. Kh2 Qe7 32. Re1 h6 33. Kg2 R8f7 34. Rh1 Qf8 35.
Rhf1 g5 36. hxg5 hxg5 37. Kg1 g4 38. fxg4 Rxf2 39. Rxf2 Rxf2 40. Nxf2 Qf3 41.
Qxf3 Bxf3 42. Kf1 Kg7 43. Ke1 Kg6 44. Kd2 Kg5 45. a3 Bg2 46. Kc2 Bc6 47. Kb2 Bf3
48. b4 a4 49. b5 Bg2 50. Kc2 Ba8 51. Kd2 Bb7 52. Ne4+ Kxg4 53. Nxc5 Ba8 54. b6
Kxg3 55. b7 Bxb7 56. Nxb7 1-0

[Event "XLV Open Internacional Barbera del Valles 2023"]
[Site "Barberà del Vallès"]
[Date "2023.07.10"]
[Round "7.7"]
[White "Lazaro Pujol, Abel"]
[Black "Escalante Ramirez, Brian Sebasti"]
[Result "0-1"]
[BlackElo "2488"]
[WhiteElo "2337"]
[LiveChessVersion "1.4.8"]

1. e4 c5 2. Nf3 d6 3. d4 cxd4 4. Nxd4 Nf6 5. Nc3 Nc6 6. Be2 g6 7. O-O Bg7 8. Be3
O-O 9. Qd2 Bd7 10. f3 a6 11. a4 Qa5 12. Nb3 Qc7 13. a5 Ne5 14. Na4 Bxa4 15. Rxa4
Rfc8 16. c4 Nfd7 17. Nd4 Nc6 18. Nxc6 bxc6 19. b4 Rcb8 20. Rc1 c5 21. b5 Bd4 22.
b6 Qc6 23. Ra3 e5 24. Bd1 Qb7 25. Ba4 Re8 26. Kh1 Re6 27. Bxd7 Qxd7 28. Rb1 Qb7
29. Kg1 Rf8 30. Re1 f6 31. Rb3 Rc8 32. Qd3 Kg7 33. h3 Ree8 34. Kh2 Rf8 35. f4
Rfe8 36. f5 gxf5 37. exf5 Kh8 38. Qe2 d5 39. cxd5 Qxd5 40. b7 Rb8 41. Qxa6 Qxb3
42. Qxf6+ Kg8 43. Bh6 Qf7 44. Qg5+ Kh8 45. f6 Rxb7 46. Bg7+ Kg8 0-1

[Event "XLV Open Internacional Barbera del Valles 2023"]
[Site "Barberà del Vallès"]
[Date "2023.07.10"]
[Round "7.8"]
[White "Kovchan, Alexander"]
[Black "Ilamparthi, A R"]
[Result "1/2-1/2"]
[BlackElo "2393"]
[WhiteElo "2468"]
[LiveChessVersion "1.4.8"]

1. e4 {[%clk 1:30:50]} c5 {[%clk 1:30:56]} 2. Nf3 {[%clk 1:31:13]} e6
{[%clk 1:31:21]} 3. d4 {[%clk 1:31:37]} cxd4 {[%clk 1:31:46]} 4. Nxd4
{[%clk 1:32:01]} Nf6 {[%clk 1:32:10]} 5. Nc3 {[%clk 1:32:24]} Nc6
{[%clk 1:32:35]} 6. Ndb5 {[%clk 1:32:46]} Bb4 {[%clk 1:32:58]} 7. a3
{[%clk 1:33:08]} Bxc3+ {[%clk 1:33:23]} 8. Nxc3 {[%clk 1:33:32]} d5
{[%clk 1:33:39]} 9. exd5 {[%clk 1:33:55]} exd5 {[%clk 1:34:05]} 10. Bd3
{[%clk 1:34:19]} O-O {[%clk 1:34:28]} 11. O-O {[%clk 1:34:41]} d4
{[%clk 1:34:51]} 12. Ne2 {[%clk 1:35:00]} Bg4 {[%clk 1:35:07]} 13. Re1
{[%clk 1:33:51]} Re8 {[%clk 1:33:30]} 14. Bf4 {[%clk 1:33:20]} Qb6
{[%clk 1:28:38]} 15. Rb1 {[%clk 1:33:07]} Bh5 {[%clk 1:26:22]} 16. Qd2
{[%clk 1:27:29]} Ne4 {[%clk 1:23:00]} 17. Bxe4 {[%clk 1:27:44]} Rxe4
{[%clk 1:23:28]} 18. Ng3 {[%clk 1:27:15]} Rxe1+ {[%clk 1:23:51]} 19. Rxe1
{[%clk 1:27:39]} Bg6 {[%clk 1:23:50]} 20. b4 {[%clk 1:27:11]} a5 {[%clk 1:07:05]}
21. Qe2 {[%clk 1:15:46]} h6 {[%clk 1:03:55]} 22. h4 {[%clk 1:12:41]} axb4
{[%clk 0:53:00]} 23. h5 {[%clk 1:12:46]} Bxc2 {[%clk 0:50:52]} 24. Qxc2
{[%clk 1:12:48]} bxa3 {[%clk 0:51:17]} 25. Bc1 {[%clk 0:59:54]} Qb4
{[%clk 0:41:27]} 26. Rd1 {[%clk 0:52:30]} Qc3 {[%clk 0:24:27]} 27. Qe2
{[%clk 0:52:30]} a2 {[%clk 0:16:50]} 28. Bb2 {[%clk 0:41:13]} a1=Q
{[%clk 0:14:05]} 29. Bxc3 {[%clk 0:36:54]} Qxc3 {[%clk 0:14:33]} 30. Nf5
{[%clk 0:37:16]} Kf8 {[%clk 0:09:51]} 31. Kh2 {[%clk 0:27:46]} Qc5
{[%clk 0:08:55]} 32. Qg4 {[%clk 0:28:01]} Qe5+ {[%clk 0:09:20]} 33. f4
{[%clk 0:23:47]} Qf6 {[%clk 0:09:48]} 34. Rb1 {[%clk 0:24:11]} Ne7
{[%clk 0:06:50]} 35. Ng3 {[%clk 0:23:47]} Nd5 {[%clk 0:05:41]} 36. Nf5
{[%clk 0:16:18]} Ne3 {[%clk 0:03:53]} 37. Nxe3 {[%clk 0:16:42]} dxe3
{[%clk 0:04:20]} 38. Rxb7 {[%clk 0:17:06]} Re8 {[%clk 0:03:59]} 39. Rb1
{[%clk 0:17:05]} e2 {[%clk 0:03:25]} 40. Re1 {[%clk 0:17:28]} Qe7
{[%clk 0:03:50]} 41. g3 {[%clk 0:17:02]} Qe4 {[%clk 0:03:42]} 42. Kg1
{[%clk 0:15:28]} Kg8 {[%clk 0:02:27]} 43. Kf2 {[%clk 0:15:15]} f5
{[%clk 0:01:50]} 44. Qf3 {[%clk 0:15:33]} Qd4+ {[%clk 0:02:05]} 45. Kg2
{[%clk 0:15:58]} Re3 {[%clk 0:01:54]} 46. Qa8+ {[%clk 0:13:11]} Kh7
{[%clk 0:02:22]} 47. Kh2 {[%clk 0:08:59]} Qd3 {[%clk 0:01:16]} 48. Qg2
{[%clk 0:08:54]} Qd2 {[%clk 0:01:03]} 49. Qh1 {[%clk 0:07:14]} Rf3
{[%clk 0:00:57]} 50. Qg1 {[%clk 0:03:17]} Rf1 {[%clk 0:00:42]} 51. Qb6
{[%clk 0:03:10]} Rh1+ {[%clk 0:00:37]} 52. Kxh1 {[%clk 0:03:20]} Qxe1+
{[%clk 0:01:04]} 53. Kh2 {[%clk 0:03:40]} Qxg3+ {[%clk 0:01:16]} 54. Kxg3
{[%clk 0:04:05]} e1=Q+ {[%clk 0:01:42]} 55. Qf2 {[%clk 0:04:06]} Qxf2+
{[%clk 0:00:46]} 56. Kxf2 {[%clk 0:04:34]} Kg8 {[%clk 0:01:08]} 57. Kg1
{[%clk 0:03:10]} Kf7 {[%clk 0:01:01]} 58. Kf2 {[%clk 0:03:36]} Ke6
{[%clk 0:00:57]} 59. Ke3 {[%clk 0:03:55]} Kf6 {[%clk 0:01:01]} 60. Kf3
{[%clk 0:04:13]} Ke7 {[%clk 0:01:00]} 61. Ke2 {[%clk 0:04:33]} Kf7
{[%clk 0:00:52]} 62. Kf2 {[%clk 0:04:55]} g6 {[%clk 0:00:39]} 63. hxg6+
{[%clk 0:05:19]} Kxg6 {[%clk 0:01:06]} 64. Kg3 {[%clk 0:05:41]} Kf6
{[%clk 0:01:19]} 65. Kh4 {[%clk 0:06:06]} Kf7 {[%clk 0:01:32]} 66. Kh5
{[%clk 0:06:23]} Kg7 {[%clk 0:01:59]} 67. Kh4 {[%clk 0:06:48]} Kg6
{[%clk 0:01:52]} 68. Kg3 {[%clk 0:07:13]} Kf6 {[%clk 0:01:32]} 69. Kh4
{[%clk 0:07:37]} Kg6 {[%clk 0:01:29]} 70. Kg3 {[%clk 0:08:01]} Kf6
{[%clk 0:01:11]} 1/2-1/2

[Event "XLV Open Internacional Barbera del Valles 2023"]
[Site "Barberà del Vallès"]
[Date "2023.07.10"]
[Round "7.9"]
[White "Ayats Llobera, Gerard"]
[Black "Marin Posada, Sebastian"]
[Result "1-0"]
[BlackElo "2265"]
[WhiteElo "2452"]
[LiveChessVersion "1.4.8"]

1. d4 {[%clk 1:30:59]} Nf6 {[%clk 1:30:44]} 2. c4 {[%clk 1:31:25]} e6
{[%clk 1:31:00]} 3. Nf3 {[%clk 1:31:50]} Bb4+ {[%clk 1:30:48]} 4. Bd2
{[%clk 1:32:13]} a5 {[%clk 1:31:03]} 5. a3 {[%clk 1:32:39]} Bxd2+
{[%clk 1:29:25]} 6. Qxd2 {[%clk 1:33:06]} O-O {[%clk 1:28:59]} 7. Nc3
{[%clk 1:33:30]} d5 {[%clk 1:28:56]} 8. Rc1 {[%clk 1:33:38]} b6 {[%clk 1:23:07]}
9. cxd5 {[%clk 1:30:21]} exd5 {[%clk 1:22:55]} 10. e3 {[%clk 1:29:32]} Bb7
{[%clk 1:15:30]} 11. Bd3 {[%clk 1:28:53]} Nc6 {[%clk 1:15:00]} 12. Nb5
{[%clk 1:27:37]} Rc8 {[%clk 1:04:31]} 13. O-O Ne7 {[%clk 1:02:25]} 14. Ne5
{[%clk 1:22:38]} c5 {[%clk 0:58:52]} 15. b3 {[%clk 1:21:21]} Ne4 {[%clk 0:49:09]}
16. Qe2 {[%clk 1:15:59]} Nd6 {[%clk 0:46:51]} 17. a4 {[%clk 1:05:46]} Nxb5
{[%clk 0:40:41]} 18. Bxb5 {[%clk 1:06:14]} Qd6 {[%clk 0:40:32]} 19. Qb2
{[%clk 0:58:00]} Rc7 {[%clk 0:36:31]} 20. dxc5 {[%clk 0:55:26]} bxc5
{[%clk 0:35:11]} 21. Rfd1 {[%clk 0:55:49]} Rfc8 {[%clk 0:25:44]} 22. Nc4
{[%clk 0:42:22]} Qe6 23. Nxa5 {[%clk 0:40:46]} Ba8 {[%clk 0:19:11]} 24. b4
{[%clk 0:41:10]} c4 {[%clk 0:15:32]} 25. Qd4 {[%clk 0:35:23]} Nf5
{[%clk 0:12:50]} 26. Qf4 {[%clk 0:35:43]} h6 {[%clk 0:11:38]} 27. e4
{[%clk 0:32:32]} Ne7 {[%clk 0:08:12]} 28. h3 {[%clk 0:24:39]} Kh7
{[%clk 0:05:01]} 29. Rc3 {[%clk 0:21:23]} dxe4 30. Rxc4 {[%clk 0:16:47]} Rxc4
{[%clk 0:04:39]} 31. Bxc4 {[%clk 0:17:16]} Rxc4 {[%clk 0:04:56]} 32. Nxc4
{[%clk 0:17:41]} Qxc4 {[%clk 0:05:07]} 33. Rd7 {[%clk 0:18:02]} Qe6
{[%clk 0:01:28]} 34. Qd6 {[%clk 0:18:31]} Nd5 {[%clk 0:00:49]} 35. Qxe6
{[%clk 0:18:28]} fxe6 {[%clk 0:01:18]} 36. b5 {[%clk 0:16:35]} Nc3
{[%clk 0:01:04]} 37. Ra7 {[%clk 0:16:39]} Bd5 {[%clk 0:01:23]} 38. b6
{[%clk 0:17:08]} Ne2+ {[%clk 0:01:28]} 39. Kh2 {[%clk 0:16:58]} Nd4
{[%clk 0:01:40]} 40. b7 {[%clk 0:17:03]} Nc6 {[%clk 0:02:04]} 41. Ra8
{[%clk 0:17:13]} 1-0

[Event "XLV Open Internacional Barbera del Valles 2023"]
[Site "Barberà del Vallès"]
[Date "2023.07.10"]
[Round "7.10"]
[White "Flom, Gabriel"]
[Black "Juksta, Karolis"]
[Result "1-0"]
[BlackElo "2384"]
[WhiteElo "2438"]
[LiveChessVersion "1.4.8"]

1. d4 {[%clk 1:30:58]} d5 {[%clk 1:30:54]} 2. c4 {[%clk 1:31:35]} e6
{[%clk 1:31:17]} 3. Nc3 Nf6 {[%clk 1:31:31]} 4. cxd5 {[%clk 1:31:55]} Nxd5 5. e4
Nxc3 {[%clk 1:32:03]} 6. bxc3 {[%clk 1:32:47]} c5 {[%clk 1:32:25]} 7. Rb1
{[%clk 1:33:14]} Be7 {[%clk 1:32:48]} 8. Nf3 {[%clk 1:33:34]} O-O
{[%clk 1:32:47]} 9. Bc4 {[%clk 1:32:29]} Qc7 10. d5 {[%clk 1:19:44]} exd5
{[%clk 1:29:52]} 11. exd5 {[%clk 1:19:21]} Bf5 12. Bd3 {[%clk 1:19:46]} Bxd3
{[%clk 1:19:34]} 13. Qxd3 {[%clk 1:18:46]} c4 {[%clk 1:06:20]} 14. Qf5
{[%clk 1:17:35]} Nd7 15. O-O {[%clk 1:17:06]} Nb6 {[%clk 0:58:58]} 16. Bf4
{[%clk 1:17:10]} Bd6 {[%clk 0:52:26]} 17. Ng5 {[%clk 1:17:33]} g6
{[%clk 0:52:13]} 18. Qh3 {[%clk 1:18:00]} h5 {[%clk 0:51:19]} 19. Ne6 fxe6
{[%clk 0:40:30]} 20. Qxe6+ {[%clk 1:18:18]} Qf7 {[%clk 0:40:53]} 21. Bxd6
{[%clk 1:19:08]} Qxe6 {[%clk 0:36:46]} 22. dxe6 Rf6 {[%clk 0:37:24]} 23. Rfe1
{[%clk 1:09:51]} Re8 {[%clk 0:36:47]} 24. Bc5 Rfxe6 {[%clk 0:37:12]} 25. Rxe6
{[%clk 1:09:45]} Rxe6 26. h4 {[%clk 1:08:58]} Nd5 {[%clk 0:20:41]} 27. Bd4
{[%clk 1:04:47]} b6 {[%clk 0:18:23]} 28. Rb5 {[%clk 1:02:26]} Ne7 29. Rb4
{[%clk 1:02:51]} Rc6 {[%clk 0:17:02]} 30. f3 Nf5 {[%clk 0:15:53]} 31. Bf2
{[%clk 1:03:17]} Kf7 {[%clk 0:15:45]} 32. Kh2 {[%clk 1:01:19]} Ke6
{[%clk 0:09:37]} 33. g4 {[%clk 0:59:00]} Nd6 34. Rb1 {[%clk 0:59:24]} hxg4
{[%clk 0:06:33]} 35. fxg4 {[%clk 0:59:41]} Ne4 {[%clk 0:06:32]} 36. Bd4
{[%clk 0:58:58]} Rc7 {[%clk 0:04:45]} 37. Rb5 Nc5 38. Bxc5 {[%clk 0:59:11]} bxc5
{[%clk 0:05:06]} 39. Kg3 {[%clk 0:57:45]} Ke5 {[%clk 0:01:46]} 40. Kf3
{[%clk 0:56:55]} Rc6 {[%clk 0:01:23]} 41. a4 {[%clk 0:54:12]} a6 {[%clk 0:01:38]}
42. Rb8 {[%clk 0:54:37]} Rf6+ {[%clk 0:01:30]} 43. Ke3 Rd6 {[%clk 0:01:58]} 44.
Re8+ {[%clk 0:54:34]} Kf6 45. Kf4 {[%clk 0:53:54]} g5+ {[%clk 0:01:04]} 46. hxg5+
{[%clk 0:53:25]} Kf7 {[%clk 0:00:54]} 47. Re4 {[%clk 0:53:48]} Rd5 48. Rxc4 a5
{[%clk 0:01:01]} 49. Re4 {[%clk 0:54:02]} Rd3 {[%clk 0:00:44]} 50. Re3
{[%clk 0:52:44]} Rd1 51. Kf5 {[%clk 0:53:09]} Rf1+ {[%clk 0:00:36]} 52. Ke5
{[%clk 0:53:02]} Rd1 53. Re4 {[%clk 0:53:28]} Kg6 {[%clk 0:00:47]} 54. Rc4 Ra1
{[%clk 0:00:46]} 55. Kd5 {[%clk 0:53:52]} Kxg5 {[%clk 0:01:06]} 56. Kxc5
{[%clk 0:54:18]} Rb1 {[%clk 0:01:35]} 57. Re4 {[%clk 0:54:14]} Kh4 58. Kd5 1-0